[Event "Jessie Gilbert Celebration Int"]
[Site "Coulsdon ENG"]
[Date "2008.08.16"]
[Round "1"]
[White "Donovan,N"]
[Black "Eggleston,D"]
[Result "0-1"]
[WhiteElo "2110"]
[BlackElo "2372"]

1.e4 c5 2.Nf3 d6 3.Bb5+ Nd7 4.d4 cxd4 5.Qxd4 e5 6.Qd3 Nf6 7.Bg5 a6 8.Bxd7+ Bxd7
9.Nc3 h6 10.Bh4 g5 11.Bg3 Qc7 12.h4 g4 13.Nd2 Be6 14.Nd5 Nxd5 15.exd5 Bd7
16.Ne4 Be7 17.c4 f5 18.Nc3 Rc8 19.f4 gxf3 20.Qxf3 Qxc4 21.Qh5+ Kf8 22.Rf1 Kg7
23.Rf3 Qg4 24.Qxg4+ fxg4 25.Rf1 b5 26.Kd2 b4 27.Ne4 Bb5 28.Rfc1 Bc4 29.Ke3 Bxd5  0-1

[Event "Independence Cup A"]
[Site "Kyiv UKR"]
[Date "2008.08.16"]
[Round "4"]
[White "Varchenko,G"]
[Black "Khaetsky,R"]
[Result "0-1"]
[WhiteElo "2162"]
[BlackElo "2400"]

1.e4 c5 2.Nf3 d6 3.Bb5+ Bd7 4.a4 g6 5.O-O Bg7 6.c3 Nf6 7.Re1 O-O 8.d4 cxd4
9.cxd4 Nc6 10.Nc3 a6 11.Bf1 Bg4 12.d5 Ne5 13.Be2 Nxf3+ 14.Bxf3 Bxf3 15.Qxf3 Nd7
16.Qe2 Rc8 17.Ra3 Qa5 18.Bg5 Ne5 19.Nd1 Rc2 20.Qf1 Nc4 21.Rb3 Qc7 22.Re2 Rxe2
23.Qxe2 Rc8 24.h4 h6 25.Bf4 Na5 26.Ra3 Qb6 27.Be3 Qb4 28.Bd2 Qb6 29.Be3 Qc7
30.b3 e6 31.dxe6 fxe6 32.Qg4 Qf7 33.Qe2 d5 34.exd5 exd5 35.Qd3 Nc6 36.Qd2 Kh7
37.h5 d4 38.Bf4 g5 39.Bg3 Qxh5 40.b4 Nxb4 41.Rf3 a5 42.Bd6 Qe8 43.Bxb4 axb4
44.Qxb4 Qe2 45.Qb1+ Kh8 46.Qd3 Qe1+ 47.Kh2 Rc1 48.Re3 Rxd1 49.Qg6 Qh1+ 50.Kg3 Qh4+
51.Kf3 dxe3  0-1

[Event "ch-SCCF State"]
[Site "Los Angeles USA"]
[Date "2008.08.16"]
[Round "2"]
[White "Kretchetov,A"]
[Black "Peters,Ja"]
[Result "1-0"]
[WhiteElo "2355"]
[BlackElo "2408"]

1.e4 c5 2.Nf3 d6 3.Bb5+ Nd7 4.d4 Nf6 5.Nc3 cxd4 6.Qxd4 e5 7.Qd3 h6 8.Nd2 Be7
9.Nc4 O-O 10.Bxd7 Qxd7 11.Ne3 Qc6 12.O-O Be6 13.Ncd5 Bxd5 14.exd5 Qd7 15.Nf5 Kh8
16.Qh3 Ng8 17.c4 Rac8 18.b3 b5 19.cxb5 Rc5 20.Rd1 Qxb5 21.Qg4 g6 22.Nxe7 Nxe7
23.Bxh6 Re8 24.Qh3 Kg8 25.Bg5 Nf5 26.Bf6 Ng7 27.Qh6  1-0

[Event "Independence Cup A"]
[Site "Kyiv UKR"]
[Date "2008.08.17"]
[Round "5"]
[White "Tkachuk,A"]
[Black "Moiseev,Ig"]
[Result "1/2-1/2"]
[WhiteElo "2119"]
[BlackElo "2228"]

1.e4 c5 2.Nf3 d6 3.Bb5+ Nc6 4.O-O e5 5.c3 Bd7 6.Re1 Be7 7.h3 Nf6 8.d4 Qc7
9.Nbd2 cxd4 10.cxd4 O-O 11.Bxc6 Bxc6 12.d5 Bd7 13.Nf1 Rac8 14.Bg5 h6 15.Bxf6 Bxf6
16.Ne3 g6 17.Qb3 b5 18.Rac1 Qb6 19.Ng4 Bg7 20.Qe3 Qxe3 21.Nxe3 h5 22.Nd2 f5
23.f3 Bh6 24.Kf2 h4 25.b4 Kf7 26.Ke2 Ke7 27.Nb3 a6 28.Rxc8 Rxc8 29.Rc1 Rxc1
30.Nxc1 Kd8 31.Nd3 Ke7 32.Nf2 Kf7 33.Nd3 Bg5 34.Nf2 Bd8 35.Nd3 Bb6 36.Nc2 Kf6
37.Ne3 Kg5 38.Nd1 Bd4 39.Ne3 Kh5 40.Nc2 Bb6 41.Ne3 Bc8 42.Ne1 Bd7 43.Nd3 fxe4
44.fxe4 Bxe3 45.Kxe3 g5 46.Nf2 g4 47.hxg4+ Bxg4 48.a3 Kg5 49.Nh3+ Kg6 50.Nf2 Bh5
51.Nh3 Bd1 52.Nf2 Bc2 53.Kf3 Kg5 54.g3 Kh5 55.Kg2 Kg5 56.Nh3+ Kg4 57.Nf2+ Kg5
58.Kh3 hxg3 59.Kxg3 Bb1 60.Nh3+ Kh5 61.Nf2 Bc2 62.Kh3  1/2-1/2

[Event "5th DA Tan Malaysian Open"]
[Site "Kuala Lumpur MAS"]
[Date "2008.08.18"]
[Round "2"]
[White "Spiller,P"]
[Black "Lim Yee Weng"]
[Result "0-1"]
[WhiteElo "1982"]
[BlackElo "2367"]

1.e4 c5 2.Nf3 d6 3.Bb5+ Bd7 4.Bxd7+ Qxd7 5.c4 Nc6 6.d4 cxd4 7.Nxd4 Nf6 8.Nc3 g6
9.b3 Bg7 10.Bb2 O-O 11.O-O a6 12.Nxc6 bxc6 13.Qe2 Qg4 14.Qxg4 Nxg4 15.h3 Ne5
16.Rad1 Rfb8 17.Na4 c5 18.f4 Nc6 19.Bxg7 Kxg7 20.g4 f6 21.Kg2 h6 22.Rfe1 Ra7
23.e5 dxe5 24.fxe5 Nxe5 25.Nxc5 Kf7 26.Rd5 Rc8 27.Ne4 Rd7 28.Red1 Ke6 29.Rxd7 Nxd7
30.Rd5 f5 31.Nd2 Rc5 32.Rxc5 Nxc5 33.Kf3 a5 34.a3 Ke5 35.gxf5 gxf5 36.Ke3 f4+
37.Kf3 a4 38.b4 Nb3 39.Nb1 Kd4 40.c5 Kd3 41.Kxf4 Nd4 42.Ke5 Nb5 43.Kd5 e5
44.c6 e4 45.Kc5 Nd4 46.b5 e3 47.b6 e2 48.b7 e1=Q 49.b8=Q Qc1+ 50.Kd5 Qh1+
51.Kc5 Ne6+ 52.Kb6 Qxb1+ 53.Ka7 Qxb8+ 54.Kxb8 Kc4 55.Kc8 Kd5 56.Kd7 Nc5+
57.Kc7 h5 58.h4 Ne4 59.Kd7 Nc5+ 60.Kc7 Ne6+ 61.Kd7 Nf8+ 62.Kc7 Kc5 63.Kb7 Ne6
64.c7 Nxc7 65.Kxc7 Kc4  0-1

[Event "ch-SLO w"]
[Site "Ljubljana SLO"]
[Date "2008.08.18"]
[Round "2"]
[White "Bajt,I"]
[Black "Vombek,S"]
[Result "1-0"]
[WhiteElo "2199"]
[BlackElo "1888"]

1.e4 c5 2.Nf3 d6 3.Bb5+ Nd7 4.d4 cxd4 5.Qxd4 Nf6 6.Nc3 e5 7.Qd3 h6 8.Be3 Be7
9.Bc4 O-O 10.Nh4 d5 11.exd5 Nxd5 12.Nxd5 Bxh4 13.O-O-O Bg5 14.h4 Bf6 15.Nxf6+ Qxf6
16.g4 Nb6 17.g5 Qf5 18.Bxb6 Qxd3 19.Rxd3 axb6 20.Rd6 hxg5 21.hxg5 Be6 22.Rxe6 fxe6
23.Bxe6+ Rf7 24.g6  1-0

[Event "GM"]
[Site "Panevezys LTU"]
[Date "2008.08.18"]
[Round "9"]
[White "Kovalev,An"]
[Black "Klimov,S"]
[Result "0-1"]
[WhiteElo "2550"]
[BlackElo "2509"]

1.e4 c5 2.Nf3 d6 3.Bb5+ Nd7 4.d4 cxd4 5.Qxd4 a6 6.Bxd7+ Bxd7 7.Nc3 Nf6 8.Bg5 h6
9.Bxf6 gxf6 10.Nd5 Rg8 11.O-O-O Rc8 12.g3 Qa5 13.Nb6 Bg4 14.Nxc8 Bxf3 15.Nb6 f5
16.Nd5 Bg7 17.Qc4 e6 18.Qc8+ Qd8 19.Nc7+ Ke7 20.Qxb7 Bxe4 21.Nd5+ Kf8 22.Qc7 Bf6
23.Qxd8+ Bxd8 24.Nb4 a5 25.Nd3 Bxh1 26.Rxh1 h5 27.h4 e5 28.Kd2 Rg4 29.Ke3 Bb6+
30.Ke2 f4 31.gxf4 e4 32.Ne1 Rxf4 33.f3 d5 34.Rh3 Ke7 35.Ng2 Rf6 36.Ne3 Ke6
37.c3 Rg6 38.fxe4 dxe4 39.b4 axb4 40.cxb4 f5 41.Nc4 Bd4 42.Ra3 Rg2+ 43.Kf1 Rc2
44.Ra6+ Kd5 45.Nb6+ Bxb6 46.Rxb6 e3 47.Rf6 Ke4 48.b5 f4 49.b6 Kf3 50.Kg1 e2  0-1

[Event "5th DA Tan Malaysian Open"]
[Site "Kuala Lumpur MAS"]
[Date "2008.08.19"]
[Round "4"]
[White "Ong,Way"]
[Black "Leong Mun Wan"]
[Result "1-0"]
[WhiteElo "2008"]
[BlackElo "2214"]

1.e4 c5 2.Nf3 d6 3.Bb5+ Bd7 4.Bxd7+ Qxd7 5.c4 Nc6 6.d4 cxd4 7.Nxd4 Nf6 8.f3 g6
9.Nc3 Bg7 10.Be3 O-O 11.O-O a6 12.a4 Qd8 13.Nde2 Qa5 14.Rc1 Rac8 15.b3 Rfe8
16.Qd2 Nd7 17.Rb1 Rf8 18.Rfd1 Rfe8 19.Kh1 Qh5 20.Nf4 Qa5 21.Nfe2 Qh5 22.Nd5 h6
23.Nef4 Qe5 24.Nd3 Qh5 25.g4 Qh4 26.Bf2 Qg5 27.Qe1 Nde5 28.h4 Nxd3 29.Rxd3 Qe5
30.f4 Qe6 31.f5 Qd7 32.Nb6 Qc7 33.Nxc8 Qxc8 34.Qe2 Ne5 35.Rg3 Qc6 36.Re1 Kh7
37.Qd2 gxf5 38.gxf5 Bf6 39.Qf4 Rh8 40.Be3 Bg7 41.f6 exf6 42.Qf5+ Kg8 43.Reg1 Rh7
44.Qxh7+  1-0

[Event "5th DA Tan Malaysian Open"]
[Site "Kuala Lumpur MAS"]
[Date "2008.08.19"]
[Round "4"]
[White "Zhou Weiqi"]
[Black "Novita,A"]
[Result "1-0"]
[WhiteElo "2556"]
[BlackElo "2358"]

1.e4 c5 2.Nf3 d6 3.Bb5+ Nd7 4.O-O Nf6 5.Re1 a6 6.Bf1 g6 7.c3 Bg7 8.d4 O-O
9.Nbd2 Qc7 10.a4 b6 11.h3 Bb7 12.e5 dxe5 13.dxe5 Nd5 14.e6 fxe6 15.Ng5 Nf4
16.Ndf3 Bd5 17.g3 Nh5 18.Nxe6 Bxe6 19.Rxe6 Rad8 20.Re3 Ne5 21.Qe2 Nxf3+ 22.Rxf3 Rxf3
23.Qxf3 Qe5 24.Be3 Rf8 25.Qg4 a5 26.Rd1 Kh8 27.Bg2 Nf6 28.Qc4 h6 29.Bf4 Qf5
30.Qd3 Ne8 31.Qxf5 gxf5 32.Re1 e5 33.Bxe5 Bxe5 34.Rxe5 Ng7 35.f4 Rd8 36.Bd5 Kh7
37.c4 Kg6 38.Re7 Kf6 39.Rf7+ Kg6 40.Kf2 Rd6 41.g4 Rf6 42.Rb7 Ne6 43.Kg3 Nd4
44.Kh4 Ne6 45.Be4 Ng7 46.gxf5+ Nxf5+ 47.Kg4 h5+ 48.Kf3 Re6 49.Bxf5+ Kxf5
50.Rf7+ Kg6 51.f5+ Kxf7 52.fxe6+ Kxe6 53.Kf4 h4 54.Kg4 Ke5 55.Kxh4 Kd4 56.Kg4 Kxc4
57.h4 Kb3 58.h5 c4 59.h6 Kxb2 60.h7 c3 61.h8=Q Kb3 62.Kf3 c2 63.Qa1  1-0

[Event "Independence Cup A"]
[Site "Kyiv UKR"]
[Date "2008.08.19"]
[Round "7"]
[White "Marusenko,P"]
[Black "Shumilov,I"]
[Result "1/2-1/2"]
[WhiteElo "2327"]
[BlackElo "2286"]

1.e4 c5 2.Nf3 d6 3.Bb5+ Bd7 4.Bxd7+ Qxd7 5.O-O Nc6 6.c3 Nf6 7.Qe2 e6 8.d4 cxd4
9.cxd4 d5 10.e5 Ne4 11.Nbd2 Nxd2 12.Bxd2 Be7 13.Rac1 O-O 14.Rc3 Rac8 15.Rd3 Qd8
16.Rb3 Rc7 17.g3 Qd7 18.Rd1 Rfc8 19.h4 Qe8 20.Kg2 h6 21.h5 f6 22.exf6 Bxf6
23.Bf4 Re7 24.Bd6 Rd7 25.Be5 Bxe5 26.Nxe5 Nxe5 27.Qxe5 Rf7 28.Re1 Rc2 29.Re2 Rxe2
30.Qxe2 Qd7 31.Qe5 Kh7 32.Re3 Rf6 33.Rc3 Qf7 34.Qe2 Rf5 35.g4 Rg5 36.Qc2+ Qf5
37.f3 Qxc2+ 38.Rxc2 e5 39.Kg3 g6 40.Rc7+ Kg8 41.dxe5 gxh5 42.Kf4 hxg4 43.e6 gxf3
44.Kxf3 Rf5+ 45.Kg4 Re5 46.Rxb7 Rxe6 47.Rxa7 d4 48.Kf5 Rd6 49.Rc7 d3 50.Rc1 Rb6
51.b3 Ra6 52.Ra1 d2 53.a4 Rb6 54.Rd1 Rxb3 55.Rxd2 Ra3 56.Rd4 Kf7 57.Rd7+ Ke8
58.Ra7 Kd8 59.Ke5 Kc8  1/2-1/2

[Event "Open A"]
[Site "Vladimir RUS"]
[Date "2008.08.19"]
[Round "7"]
[White "Schepetkova,M"]
[Black "Borisova,E"]
[Result "0-1"]
[WhiteElo "2173"]
[BlackElo "2316"]

1.e4 c5 2.Nf3 d6 3.Bb5+ Bd7 4.Bxd7+ Qxd7 5.c4 Nf6 6.Nc3 Nc6 7.d4 cxd4 8.Nxd4 g6
9.f3 Nxd4 10.Qxd4 Bg7 11.Be3 O-O 12.Qd3 Qe6 13.Rc1 Nd7 14.b3 f5 15.O-O f4
16.Bf2 Ne5 17.Qd5 Qf7 18.Rfd1 g5 19.Qxf7+ Rxf7 20.Bd4 Nc6 21.Bxg7 Rxg7 22.Ne2 Rf8
23.h3 h5 24.Kf2 b6 25.Nd4 Nxd4 26.Rxd4 Rf6 27.e5 dxe5 28.Rd8+ Kf7 29.Re1 Rd6
30.Rh8 g4 31.Rxe5 gxh3 32.gxh3 Rd2+ 33.Kf1 Rg3 34.Rh7+ Kf6 35.Rhxe7 Rxf3+
36.Ke1 Rd6 37.Re4 Rxh3 38.Rh7 Kf5 39.Re8 Rh1+ 40.Ke2 Rh2+ 41.Ke1 Kg4 42.Re2 Rxe2+
43.Kxe2 f3+ 44.Kf2 Rd2+ 45.Kf1 Rxa2 46.Rc7 h4 47.Rg7+ Kf4 48.Rh7 Ke3 49.Re7+ Kd4
50.Rf7 f2 51.Rc7 h3 52.Rh7 h2  0-1

[Event "5th DA Tan Malaysian Open"]
[Site "Kuala Lumpur MAS"]
[Date "2008.08.20"]
[Round "6"]
[White "Milligan,H"]
[Black "Leong Mun Wan"]
[Result "0-1"]
[WhiteElo "1976"]
[BlackElo "2214"]

1.e4 c5 2.Nf3 d6 3.Bb5+ Bd7 4.Bxd7+ Qxd7 5.c4 Nc6 6.d4 cxd4 7.Nxd4 g6 8.Nc3 Bg7
9.Nde2 Nf6 10.f3 O-O 11.O-O a6 12.a4 Rac8 13.b3 Qd8 14.Be3 Qa5 15.Rc1 Nd7
16.Kh1 Nc5 17.Nd5 e6 18.Ndf4 Rfd8 19.Nd3 Nxd3 20.Qxd3 d5 21.Bd2 dxc4 22.Bxa5 cxd3
23.Bxd8 dxe2 24.Rfe1 Rxd8 25.Rxe2 Rd3 26.h4 Rxb3 27.Rec2 Be5 28.Rc4 h5 29.Rd1 Kf8
30.Kg1 Ke7 31.Kf1 Bg3 32.Ke2 e5 33.Kf1 Bxh4 34.Rdc1 Bg5 35.Rd1 Be3 36.Ke2 Nd4+
37.Kf1 Rb2  0-1

[Event "5th DA Tan Malaysian Open"]
[Site "Kuala Lumpur MAS"]
[Date "2008.08.20"]
[Round "6"]
[White "Wallis,C"]
[Black "Bitoon,R"]
[Result "0-1"]
[WhiteElo "2235"]
[BlackElo "2439"]

1.e4 c5 2.Nf3 d6 3.Bb5+ Nc6 4.d4 cxd4 5.Qxd4 Qd7 6.Qd3 a6 7.Bxc6 Qxc6 8.Nc3 e6
9.O-O b5 10.Re1 Bb7 11.a4 bxa4 12.Rxa4 Rc8 13.Nd4 Qd7 14.Rc4 Nf6 15.Nb3 Be7
16.Na5 O-O 17.Rb4 Ba8 18.Rb6 d5 19.exd5 exd5 20.Be3 Qc7 21.Bd4 Rfe8 22.Rd1 Bc5
23.Bxc5 Qxc5 24.Rxf6 gxf6 25.Nb3 Qc4 26.Qg3+ Kh8 27.h3 d4 28.Qd6 Qe6 29.Qxe6 fxe6
30.Rxd4 Rg8 31.g3 Rgd8 32.Rxd8+ Rxd8 33.Nc5 Rd2 34.Nxa6 Rxc2 35.g4 Rxb2 36.Nc7 Rc2
37.N3b5 Bd5 38.Ne8 f5 39.gxf5 exf5 40.f4 Rg2+ 41.Kf1 Rg8 42.Nbd6 Rf8 43.Kf2 Bc6
44.Nc7 Rf6 45.Nc4 Rf7 46.Na6 Bd5 47.Ne3 Be4 48.Nc5 Bc6 49.Ne6 Rf6 50.Nd4 Be4
51.Kg3 Kg7 52.Kh4 Rh6+ 53.Kg3 Rg6+ 54.Kf2 Kf6 55.Ne2 Rg8 56.Ng3 Ra8 57.Ne2 Ra2
58.Ke1 Kg6 59.Nc3 Rh2 60.Nxe4 fxe4 61.f5+ Kg5 62.f6 Rxh3 63.Nf5 Kxf5 64.f7 Re3+
65.Kf2 Rf3+ 66.Kg2 Ke5  0-1

[Event "Independence Cup A"]
[Site "Kyiv UKR"]
[Date "2008.08.20"]
[Round "8"]
[White "Varchenko,G"]
[Black "Sshedrin,I"]
[Result "1/2-1/2"]
[WhiteElo "2162"]
[BlackElo "1969"]

1.e4 c5 2.Nf3 d6 3.Bb5+ Bd7 4.Bxd7+ Qxd7 5.c4 Nc6 6.O-O g6 7.d4 cxd4 8.Nxd4 Bg7
9.Nc2 Ne5 10.Qe2 Rc8 11.Nba3 Nf6 12.b3 O-O 13.Bb2 Nh5 14.f4 Nf3+ 15.Qxf3 Bxb2
16.Rad1 Bg7 17.Kh1 Nf6 18.Rb1 Qg4 19.Qe3 Qh4 20.h3 Nh5 21.Kh2 g5 22.g3 gxf4
23.gxf4 Bh6 24.Rg1+ Kh8 25.Rg4 Qxg4 26.hxg4 Bxf4+ 27.Kg2 Bxe3 28.Nxe3 Nf4+
29.Kf3 Ng6 30.Nb5 a6 31.Nd4 Rg8 32.Ndf5 Rc5 33.a4 Rc6 34.Nh6 Ne5+ 35.Kf4 Rd8
36.g5 e6 37.Neg4 Kg7 38.Nf6 Rb6 39.Rh1 Rxb3 40.Nf5+ exf5 41.Rxh7+ Kf8 42.exf5 Nd3+
43.Kg4 Ne5+ 44.Kf4 Nxc4 45.g6 Ne5 46.g7+ Ke7 47.Nd5+ Kd7 48.Rh8 Rf3+ 49.Ke4 Rg3
50.Nf6+ Kc7 51.Nd5+ Kd7 52.Nf6+ Kc8 53.g8=Q Rgxg8 54.Rxg8 Rxg8 55.Nxg8 Kc7
56.Kd5 Nd7 57.Nh6 Ne5 58.Ng8 b5 59.axb5 axb5 60.Nf6 b4 61.Ne8+ Kd7 62.Nxd6 b3
63.Ne4 b2 64.Nd2 Nf3 65.Nb1 Ke7 66.Ke4 Nh4 67.Kd3 Nxf5 68.Kc2 Ng3 69.Nd2 f5
70.Kxb2 Ne4 71.Nf3  1/2-1/2

[Event "44th Rubinstein Mem Open A"]
[Site "Polanica Zdroj POL"]
[Date "2008.08.20"]
[Round "2"]
[White "Walkusz,W"]
[Black "Jacek,K"]
[Result "1/2-1/2"]
[WhiteElo "2151"]
[BlackElo "1987"]

1.e4 c5 2.Nf3 d6 3.Bb5+ Bd7 4.a4 Nc6 5.O-O g6 6.Re1 Bg7 7.c3 Nf6 8.h3 O-O
9.d3 a6 10.Bc4 e5 11.Nbd2 Na5 12.Ba2 b5 13.axb5 axb5 14.Bb1 Qc7 15.Nf1 h6
16.N3h2 Be6 17.Qf3 Kh7 18.g4 Nd7 19.Ng3 Nb3 20.Rxa8 Rxa8 21.Be3 Ra1 22.Nf5 Bxf5
23.exf5 Nb6 24.fxg6+ fxg6 25.d4 e4 26.Qxe4 Qf7 27.dxc5 dxc5 28.Nf3 Nd7 29.Qc6 Nf8
30.Nh4 Qf6 31.Qxf6 Bxf6 32.g5 hxg5 33.Nf3 Ne6 34.Be4 Rxe1+ 35.Nxe1 Nf4 36.Bxf4 gxf4
37.Nd3 Nd2 38.Bc6 b4 39.cxb4 cxb4 40.Nxb4 Bxb2 41.Nd3 Bf6 42.Nxf4 g5 43.Nh5 Kg6
44.Ng3 Be5 45.Kg2 Bxg3 46.fxg3 Kf5 47.Kf2 Ke5 48.Ke2 Nb3 49.Ba4 Nd4+ 50.Ke3 Nf5+
51.Kf3 Nxg3 52.Kxg3 Kf6 53.Kg4 Kg7 54.Kf5 Kh8 55.Kg6 Kg8 56.Kf6 Kh8 57.Kf7 Kh7
58.Bd7 Kh8 59.Kf8 Kh7 60.Be6 Kh8  1/2-1/2

[Event "23rd Open"]
[Site "Schwarzach AUT"]
[Date "2008.08.20"]
[Round "5"]
[White "Zelcic,R"]
[Black "Hager,J"]
[Result "1-0"]
[WhiteElo "2593"]
[BlackElo "2128"]

1.e4 c5 2.Nf3 d6 3.Bb5+ Bd7 4.Bxd7+ Qxd7 5.O-O Nf6 6.e5 dxe5 7.Nxe5 Qc8 8.Nc3 Nbd7
9.d4 e6 10.Bf4 cxd4 11.Nb5 Qc5 12.Nxd7 Qxb5 13.Nxf6+ gxf6 14.Qxd4 Be7 15.Be3 Qh5
16.Rad1 O-O 17.Qe4 Rfd8 18.Rxd8+ Rxd8 19.Qxb7 Bc5 20.Qc7 Rd1 21.Qg3+ Kh8
22.Qf3 Qxf3 23.gxf3 Rd5 24.c4 Rf5 25.Rd1 Kg7 26.Rd7 a5 27.Bxc5 Rxc5 28.b3 Kg6
29.Kf1 h5 30.Rb7  1-0

[Event "83rd ch-FRA w"]
[Site "Pau FRA"]
[Date "2008.08.21"]
[Round "10"]
[White "Skripchenko,A"]
[Black "Benmesbah,N"]
[Result "1-0"]
[WhiteElo "2463"]
[BlackElo "2210"]

1.e4 c5 2.Nf3 d6 3.Bb5+ Nd7 4.O-O Nf6 5.d4 cxd4 6.Qxd4 a6 7.Bxd7+ Nxd7 8.Nc3 e6
9.Rd1 f6 10.a4 Qc7 11.Be3 Be7 12.h3 Rb8 13.Qa7 O-O 14.a5 Bd8 15.Bb6 Qc6 16.Bxd8 Rxd8
17.Nd4 Qc4 18.Na4 Kf7 19.b3 Qc7 20.Nb6 Nc5 21.f3 d5 22.Nc6 Qxc6 23.Qxb8 Re8
24.exd5 exd5 25.Nxd5 Bxh3 26.Qc7+ Bd7 27.Qxc6 Bxc6 28.Kf2 Re5 29.Nb4 Bb5
30.Re1 Rg5 31.Re3 Ne6 32.g3 Nd4 33.Re4 Nf5 34.g4 Ne7 35.Rae1 Ng6 36.Rd1 f5
37.Rd5 fxe4 38.Rxg5 exf3 39.Kxf3 h6 40.Rc5 Kf6 41.Rc7 Ne5+ 42.Kg3 Nc6 43.c4  1-0

[Event "Jessie Gilbert Celebration Int"]
[Site "Coulsdon ENG"]
[Date "2008.08.22"]
[Round "7"]
[White "Tavoularis,N"]
[Black "Grey,N"]
[Result "1/2-1/2"]
[WhiteElo "2160"]
[BlackElo "1758"]

1.e4 c5 2.Nf3 d6 3.Bb5+ Bd7 4.Bxd7+ Qxd7 5.c4 Nc6 6.O-O Nf6 7.Nc3 g6 8.b3 Bg7
9.Re1 O-O 10.Bb2 Rfd8 11.Nd5 Nxd5 12.Bxg7 Nf4 13.Bh6 Qg4 14.Bxf4 Qxf4 15.d4 e5
16.d5 Nd4 17.Nxd4 exd4 18.g3 Qf6 19.f4 Re8 20.Qd3 Re7 21.a4 Rae8 22.Ra2 Qg7
23.Rae2 f6 24.b4 b6 25.Kg2 a5 26.h4 h5 27.bxa5 bxa5 28.Qd2 Rb8 29.e5 fxe5
30.fxe5 Rxe5 31.Qxa5 Rxe2+ 32.Rxe2 d3 33.Rf2 Rb2 34.Qd8+ Kh7 35.Rxb2 Qxb2+
36.Kh3 Qe2 37.Qf6  1/2-1/2

[Event "5th DA Tan Malaysian Open"]
[Site "Kuala Lumpur MAS"]
[Date "2008.08.22"]
[Round "8"]
[White "Yee Soon Wei"]
[Black "Nardi,M"]
[Result "1/2-1/2"]
[WhiteElo "2278"]
[BlackElo "2047"]

1.e4 c5 2.Nf3 d6 3.Bb5+ Nd7 4.d4 cxd4 5.Qxd4 Nf6 6.Nc3 g6 7.Bg5 Bg7 8.O-O-O O-O
9.e5 dxe5 10.Nxe5 Qc7 11.Nxd7 Nxd7 12.Nd5 Qa5 13.Qa4 Qxa4 14.Bxa4 Nc5 15.Nxe7+ Kh8
16.Bb5 Be6 17.Nd5 a6 18.Be2 Rac8 19.Bf3 b5 20.Ne7 Rc7 21.Bf4 Rd7 22.Bc6 Rxd1+
23.Rxd1 Na4 24.c3 Bxa2 25.Bd5 Bxd5 26.Rxd5 Re8 27.Be3 b4 28.Nc6 bxc3 29.bxc3 Nxc3
30.Rd7 Ne4 31.Kd1 Nc3+ 32.Kc2 Nb5 33.Kd3 Rc8 34.Na7 Nxa7 35.Rxa7 Kg8 36.Rxa6 Rc3+
37.Kd2 Rc8 38.Rd6 h5 39.Rd7 Bf6 40.Ke2 Kg7 41.h3 Rc6 42.g4 hxg4 43.hxg4 Re6
44.Kf3 g5 45.Rd5 Kg6 46.Bc1 Re5 47.Rd6 Rb5 48.Be3 Rb4 49.Ra6 Rc4 50.Kg3 Kg7
51.Ra5 Kg6 52.Rb5 Ra4 53.Rb6 Ra3 54.Kf3 Ra4 55.Bc1 Kg7 56.Kg3 Be5+ 57.Kf3 f6
58.Bd2 Kg6 59.Rb4 Ra3+ 60.Ke4 Ra2 61.Be3 Ra5 62.Bb6 Ra2 63.Rc4 Ra3  1/2-1/2

[Event "5th DA Tan Malaysian Open"]
[Site "Kuala Lumpur MAS"]
[Date "2008.08.22"]
[Round "8"]
[White "Wallis,C"]
[Black "Foo,Be"]
[Result "1/2-1/2"]
[WhiteElo "2235"]
[BlackElo "1997"]

1.e4 c5 2.Nf3 d6 3.Bb5+ Bd7 4.Bxd7+ Qxd7 5.c4 Nc6 6.d4 cxd4 7.Nxd4 Nf6 8.Nc3 g6
9.f3 Bg7 10.Nde2 Rd8 11.O-O O-O 12.Bg5 h6 13.Be3 Kh7 14.Qd2 Rfe8 15.Rfd1 e6
16.Rab1 Qe7 17.Bf2 d5 18.cxd5 exd5 19.exd5 Nxd5 20.Nxd5 Qxe2 21.Qf4 Ne7 22.Ne3 Rxd1+
23.Rxd1 Nf5 24.Re1 Qd2 25.Rd1 Qe2 26.Re1 Qd2  1/2-1/2

[Event "Jessie Gilbert Celebration Int"]
[Site "Coulsdon ENG"]
[Date "2008.08.23"]
[Round "8"]
[White "Donovan,N"]
[Black "Barissever,E"]
[Result "1/2-1/2"]
[WhiteElo "2110"]
[BlackElo "1957"]

1.e4 c5 2.Nf3 d6 3.Bb5+ Bd7 4.Bxd7+ Qxd7 5.O-O Nc6 6.c3 Nf6 7.d4 cxd4 8.cxd4 Nxe4
9.d5 Ne5 10.Re1 Nf6 11.Nxe5 dxe5 12.Rxe5 g6 13.Nc3 Bg7 14.Qe2 O-O 15.Rxe7 Rfe8
16.Rxd7 Rxe2 17.Nxe2 Nxd7 18.Bd2 Nb6 19.Bc3  1/2-1/2

[Event "5th DA Tan Malaysian Open"]
[Site "Kuala Lumpur MAS"]
[Date "2008.08.23"]
[Round "9"]
[White "Ong,Way"]
[Black "Stojic,D"]
[Result "1-0"]
[WhiteElo "2008"]
[BlackElo "2168"]

1.e4 c5 2.Nf3 d6 3.Bb5+ Bd7 4.Bxd7+ Qxd7 5.c4 Nf6 6.Nc3 g6 7.d4 cxd4 8.Nxd4 Bg7
9.f3 O-O 10.Be3 Nc6 11.O-O a6 12.a4 e6 13.Rc1 Rfd8 14.Nb3 Ne5 15.Qe2 Rac8
16.c5 d5 17.Rfd1 Qe8 18.Bf2 dxe4 19.fxe4 Rd7 20.Na5 Rcd8 21.b4 Nd3 22.Nc4 Nxc1
23.Rxc1 Bh6 24.Rf1 Qe7 25.Bh4 g5 26.Bg3 Ne8 27.e5 f5 28.exf6 Nxf6 29.Bd6 Qf7
30.Ne4 Bg7 31.Ne5 Nxe4 32.Nxf7 Rxf7 33.Qxe4 Rdd7 34.Qxe6 Bd4+ 35.Kh1 Kg7
36.Rf5 h6 37.g4 Bc3 38.b5  1-0

[Event "44th Rubinstein Mem Open A"]
[Site "Polanica Zdroj POL"]
[Date "2008.08.23"]
[Round "5"]
[White "Dluzniewski,M"]
[Black "Rudnicki,M"]
[Result "1/2-1/2"]
[WhiteElo "2228"]
[BlackElo "2197"]

1.e4 c5 2.Nf3 d6 3.Bb5+ Bd7 4.a4 Nc6 5.O-O Nf6 6.Re1 e5 7.h3 a6 8.Bf1 g6
9.d4 Nxd4 10.Nxd4 cxd4 11.c3 dxc3 12.Nxc3 Bc6 13.b4 b6 14.Bg5 h6 15.Bxf6 Qxf6
16.Nd5 Qd8 17.Rc1 Bxd5 18.Qxd5 Be7 19.Bxa6 O-O 20.b5 Qd7 21.Rc6 Rfb8 22.Rxb6 Qc7
23.Rc6 Qa5 24.Rec1 Bg5 25.Rd1 Qxa4 26.Rxd6 Rd8 27.Rd7 Rf8 28.Bb7 Ra5 29.Bc6 Qc2
30.Qxe5 Qxc6 31.bxc6 Rxe5 32.c7 Rc5 33.g3 Bc1 34.R1d5 Rc2 35.Rb5 Ba3 36.Rb8 g5
37.Rxf8+ Bxf8 38.e5 h5 39.Kf1 g4 40.hxg4 hxg4 41.Ke1 Rc1+ 42.Ke2 Rc3 43.Kd2 Rc6
44.Kd3 Kg7 45.e6 Kg6 46.exf7 Ba3 47.Ke4 Rc4+ 48.Kd5 Rc5+ 49.Kd4 Rc6 50.Rd8 Rxc7
51.f8=Q Bxf8 52.Rxf8 Re7 53.Rf4 Kg5 54.Re4 Rf7 55.Re5+ Kg6 56.Ke3 Rf3+ 57.Ke2 Ra3
58.Rd5 Kf6 59.Rd3 Ra2+ 60.Ke3 Ke5 61.Rb3 Ra5 62.Rc3 Rb5 63.Ra3 Kf5 64.f3 gxf3
65.Kxf3 Kg5 66.Ra8 Rb3+ 67.Kg2 Rc3 68.Kh3 Rb3 69.Ra5+ Kg6 70.Kh4 Rb6 71.Rg5+ Kh6
72.Rg8 Kh7 73.Rc8 Kg6 74.g4 Ra6 75.Rg8+ Kh7 76.Rg5 Kh6  1/2-1/2

[Event "XXV Open"]
[Site "Collado Villalba ESP"]
[Date "2008.08.24"]
[Round "3"]
[White "Gallardo Garcia,A"]
[Black "Lobato Lavin,A"]
[Result "1-0"]
[WhiteElo "2408"]
[BlackElo "2046"]

1.e4 c5 2.Nf3 d6 3.Bb5+ Bd7 4.Bxd7+ Qxd7 5.O-O Nc6 6.c3 Nf6 7.Qe2 e6 8.d4 cxd4
9.cxd4 Be7 10.Nc3 O-O 11.d5 exd5 12.exd5 Nb4 13.Rd1 a5 14.a3 Na6 15.Be3 Rac8
16.h3 Rfe8 17.Nd4 Nc5 18.Qf3 a4 19.Nf5 Bf8 20.Bd4 Nb3 21.Bxf6 gxf6 22.Rab1 Re5
23.Ng3 f5 24.Nh5 Kh8 25.Qg3 Bh6 26.f4 Re7 27.Nf6 Qd8 28.Nxa4 Bg7 29.Nh5  1-0

[Event "U16 Olympiad"]
[Site "Mersin TUR"]
[Date "2008.08.24"]
[Round "10"]
[White "Emiroglu,C"]
[Black "Kavinda,A"]
[Result "1-0"]
[WhiteElo "2028"]
[BlackElo "2029"]

1.e4 c5 2.Nf3 d6 3.Bb5+ Bd7 4.Bxd7+ Qxd7 5.O-O Nc6 6.c3 Nf6 7.Qe2 g6 8.d4 Bg7
9.Rd1 cxd4 10.cxd4 O-O 11.Nc3 Rac8 12.Bg5 h6 13.Bh4 Nh5 14.Bg3 Nxg3 15.hxg3 Qg4
16.Rac1 Qh5 17.b3 Qa5 18.Nd5 e6 19.Rxc6 exd5 20.Rxc8 Rxc8 21.exd5 Qxd5 22.Qd2 Qc6
23.Re1 Rc7 24.Qf4 Qd5 25.Re8+ Kh7 26.Rd8 Rc2 27.Rxd6 Qb5 28.Qxf7 Rc1+ 29.Kh2 Qh5+
30.Nh4 Rc6 31.Rd7  1-0

[Event "44th Rubinstein Mem Open A"]
[Site "Polanica Zdroj POL"]
[Date "2008.08.24"]
[Round "6"]
[White "Czarnota,D"]
[Black "Zakoscielna,K"]
[Result "0-1"]
[WhiteElo "2229"]
[BlackElo "2125"]

1.e4 c5 2.Nf3 d6 3.Bb5+ Nc6 4.O-O Bd7 5.Re1 g6 6.c3 Bg7 7.d4 e5 8.dxc5 dxc5
9.Na3 Nge7 10.Qd6 Bg4 11.Bxc6+ Nxc6 12.Nb5 Rc8 13.Qxc5 Bf8 14.Qd5 Bxf3 15.Qxd8+ Nxd8
16.gxf3 a6 17.Na3 Bxa3 18.bxa3 Rxc3 19.f4 Nc6 20.fxe5 O-O 21.Kg2 Re8 22.Rb1 b5
23.Bb2 Rc4 24.Rbc1 Rxc1 25.Rxc1 Nxe5 26.Bxe5 Rxe5 27.f3 f5 28.exf5 Rxf5 29.Rc7 Rf4
30.Kg3 Ra4 31.Rc3 Kg7 32.h4 Kh6 33.Rd3 Kg7 34.Re3 Kf6 35.Rd3 Ke5 36.Re3+ Kf5
37.Rd3 Ke5 38.Re3+ Kd6 39.Rd3+ Kc6 40.Re3 Rd4 41.Re6+ Rd6 42.Rxd6+ Kxd6 43.Kg4 Ke6
44.Kg5 Kf7 45.Kh6 Kg8 46.h5 gxh5 47.Kxh5 Kg7 48.Kg5 h6+ 49.Kh5 a5 50.Kg4 Kg6
51.Kh4 h5 52.Kh3 Kg5 53.Kg3 h4+ 54.Kh3 b4 55.Kh2 Kf4 56.Kg2 h3+ 57.Kf2 h2
58.Kg2 h1=Q+ 59.Kxh1 Kxf3  0-1

[Event "UAE President's Cup"]
[Site "Al Ain UAE"]
[Date "2008.08.25"]
[Round "3"]
[White "Mohamed,Ei"]
[Black "Omar,Abdulw"]
[Result "0-1"]
[WhiteElo "1856"]
[BlackElo "2059"]

1.e4 c5 2.Nf3 d6 3.Bb5+ Nd7 4.O-O a6 5.Be2 Ngf6 6.d3 g6 7.a4 Bg7 8.Nc3 O-O
9.h3 Rb8 10.d4 cxd4 11.Nxd4 Nc5 12.Bf3 Ne6 13.Be3 Nxd4 14.Bxd4 Be6 15.e5 Ne8
16.Qe2 dxe5 17.Bxe5 Bxe5 18.Qxe5 Nd6 19.Bd5 Nc4 20.Bxc4 Bxc4 21.Rfd1 Qb6
22.Qxe7 Qxb2 23.Ne4 Be6 24.Qh4 Bf5 25.Rab1 Qg7 26.Nf6+ Kh8 27.Rb6 Rbc8 28.c4 Be6
29.Nd5 Rc5 30.Rxb7 g5 31.Qe4 g4 32.hxg4 Bxg4 33.Qd4 Bxd1 34.Qxc5 Bf3 35.g3 Qa1+  0-1